| 000 | 00870nam a22002177i 4500 | ||
|---|---|---|---|
| 999 |
_c23185 _d23185 |
||
| 003 | AR-CdUCM | ||
| 008 | 250122b20212021 pe||||| |||| 00| 0 spa d | ||
| 020 | _a978-612-00-7309-4 | ||
| 040 |
_aMUNICIPALIDAD PROVINCIAL DEL CUSCO _cBIBLIOTECA MUNICIPAL DEL CUSCO |
||
| 041 | _hspa | ||
| 082 |
_a280.40985 / A43 _bA43 |
||
| 100 |
_aAllauca Poblete, Moisés Felipe _950946 |
||
| 245 | _aReseña Histórica de la Iglesia Evangélica Peruana - Cusco / | ||
| 260 |
_aCusco : _bAutor-Editor _c2021 |
||
| 300 |
_a109 páginas. : _c21x15 cm. |
||
| 505 | _aCorrientes Liberales y el Evangelio -- Establecimiento de la Iglesia Evangélica Peruana -- Crecimiento y desarrollo de la Iglesia Evangélica en Cusco -- Representantes anta la misión EUSA | ||
| 650 |
_aIglesia Evangélica _950947 |
||
| 650 |
_aMisioneros _930792 |
||
| 942 |
_2ddc _cLIBROS |
||
| 945 |
_apbjr _d22-01-2025 |
||